Capitales d'Asie - Statistiques

Statistiques générales
  • Ce quiz a été pris 874 fois
  • Le résultat moyen est 33 sur 48
Statistiques - réponses
Pays Capitales % Correct
Chine Pékin
93%
Japon Tokyo
92%
Corée du Sud Séoul
91%
Inde New Delhi
90%
Afghanistan Kaboul
87%
Israël Jérusalem
86%
Arabie Saoudite Riyad
85%
Singapour Singapour
85%
Corée du Nord Pyongyang
83%
Turquie Ankara
82%
Indonésie Jakarta
82%
Iran Téhéran
81%
Liban Beyrouth
79%
Émirats Arabes Unis Abou Dabi
78%
Irak Bagdad
78%
Chypre Nicosie
78%
Thaïlande Bangkok
77%
Qatar Doha
77%
Koweït Koweït
76%
Philippines Manille
76%
Azerbaïdjan Bakou
73%
Mongolie Oulan-Bator
72%
Viêt Nam Hanoï
71%
Arménie Erevan
70%
Géorgie Tbilissi
70%
Malaisie Kuala Lumpur
69%
Taïwan Taipei
69%
Syrie Damas
68%
Pakistan Islamabad
68%
Népal Katmandou
66%
Bangladesh Dacca
63%
Jordanie Amman
62%
Kazakhstan Astana
62%
Cambodge Phnom Penh
62%
Yémen Sanaa
57%
Laos Vientiane
55%
Maldives Malé
54%
Oman Mascate
52%
Sri Lanka Sri Jayawardenapura Kotte / Colombo
52%
Ouzbékistan Tachkent
50%
Kirghizistan Bichkek
49%
Bahreïn Manama
48%
Bhoutan Thimphou
46%
Timor Oriental Dili
44%
Turkménistan Achgabat
42%
Tadjikistan Douchanbé
42%
Birmanie Naypyidaw
42%
Brunei Bandar Seri Begawan
41%
Aucun quiz correspondant
Distribution des résultats
% des personnes avec chaque résultat
Percentile par nombre de réponses
Votre historique - résultats
Vous n’avez pas pris ce quiz